000 nam a22 7a 4500
999 _c29828
_d29828
008 180918b xxu||||| |||| 00| 0 eng d
050 _aJN230 .K38 2012
100 _aNjeri Kathiga Nancy
245 _aFactors affecting the implementation of governance policy in land administration
260 _aKenya;
_bNjeri Kathiga
_c2012
300 _axiii,65p. :
_bill, ;
_c30cm.
521 _aMaster
650 _agovernance policy
942 _2lcc
_cT & D
_hJN230 .K38 2012